[Event "ODJM C 2023"]
[Site "Willingen GER"]
[Date "2023.05.29"]
[Round "3"]
[White "Sauer, Ben"]
[Black "Schäfer, Amadeus"]
[Result "1-0"]
[Termination "normal"]
[Board "1"]
[WhiteElo "1340"]
[BlackElo "1274"]
[WhiteClock "00:57:56"]
[BlackClock "00:25:38"]
[PlyCount "93"]
[WhiteFideId "34606866"]
[BlackFideId "34660585"]
[EventCountry "GER"]
[EventRounds "9"]
[EventType "swiss"]
[EventDate "2023.05.27"]

1. Nf3 {[%clk 01:30:58]} {[%emt 18:21:43]} d5 {[%clk 01:30:35]} {[%emt
00:00:25]} 2. g3 {[%clk 01:31:22]} {[%emt 00:00:07]} Nf6 {[%clk 01:30:47]}
{[%emt 00:00:18]} 3. Bg2 {[%clk 01:31:42]} {[%emt 00:00:10]} Bf5 {[%emt
00:04:42]} 4. O-O {[%clk 01:29:30]} {[%emt 00:00:01]} e6 {[%clk 01:28:38]}
{[%emt 00:01:07]} 5. d3 {[%clk 01:27:42]} {[%emt 00:02:19]} h6 {[%clk
01:25:51]} {[%emt 00:03:17]} 6. Nbd2 {[%clk 01:27:52]} {[%emt 00:00:20]} Be7
{[%clk 01:22:52]} {[%emt 00:03:29]} 7. Qe1 {[%clk 01:27:00]} {[%emt 00:01:22]}
c5 {[%clk 01:16:35]} {[%emt 00:06:48]} 8. e4 {[%clk 01:25:33]} {[%emt
00:01:56]} Bh7 {[%clk 01:15:40]} {[%emt 00:01:25]} 9. b3 {[%clk 01:24:04]}
{[%emt 00:01:59]} O-O {[%clk 01:13:57]} {[%emt 00:02:13]} 10. Bb2 {[%clk
01:21:38]} {[%emt 00:02:56]} Nc6 {[%clk 01:12:13]} {[%emt 00:02:14]} 11. Qe2
{[%clk 01:16:46]} {[%emt 00:05:21]} a6 {[%clk 01:07:00]} {[%emt 00:05:44]} 12.
Ne1 {[%clk 01:14:26]} {[%emt 00:02:50]} b5 {[%clk 00:56:20]} {[%emt 00:11:11]}
13. f4 {[%clk 01:08:53]} {[%emt 00:06:02]} Rc8 {[%clk 00:50:11]} {[%emt
00:06:39]} 14. g4 {[%clk 01:03:29]} {[%emt 00:05:53]} d4 {[%clk 00:43:20]}
{[%emt 00:07:22]} 15. f5 {[%clk 01:02:15]} {[%emt 00:01:44]} e5 {[%clk
00:42:34]} {[%emt 00:01:16]} 16. h3 {[%clk 01:00:35]} {[%emt 00:02:10]} Nd7
{[%clk 00:40:05]} {[%emt 00:02:58]} 17. Nef3 {[%clk 00:58:04]} {[%emt
00:03:02]} Nb6 {[%clk 00:35:49]} {[%emt 00:04:46]} 18. Qf2 {[%clk 00:55:30]}
{[%emt 00:03:04]} g5 {[%clk 00:29:11]} {[%emt 00:07:07]} 19. Qg3 {[%clk
00:52:55]} {[%emt 00:03:06]} f6 {[%clk 00:29:00]} {[%emt 00:00:42]} 20. Kf2
{[%clk 00:51:35]} {[%emt 00:01:49]} Kg7 {[%emt 00:01:45]} 21. Rh1 {[%clk
00:50:53]} {[%emt 00:01:09]} Rh8 {[%clk 00:27:45]} {[%emt 00:00:30]} 22. h4
{[%clk 00:51:10]} {[%emt 00:00:16]} Bf8 {[%clk 00:24:31]} {[%emt 00:03:43]} 23.
hxg5 {[%clk 00:51:00]} {[%emt 00:00:39]} hxg5 {[%clk 00:24:38]} {[%emt
00:00:23]} 24. Rh5 {[%clk 00:49:30]} {[%emt 00:02:00]} Bg8 {[%clk 00:17:31]}
{[%emt 00:07:38]} 25. Qh3 {[%clk 00:46:28]} {[%emt 00:03:32]} Rxh5 {[%clk
00:16:56]} {[%emt 00:01:04]} 26. Qxh5 {[%clk 00:46:41]} {[%emt 00:00:18]} Qe8
{[%clk 00:17:02]} {[%emt 00:00:22]} 27. Qh3 {[%clk 00:45:53]} {[%emt 00:01:19]}
Kf7 {[%clk 00:16:03]} {[%emt 00:01:29]} 28. Rh1 {[%clk 00:44:39]} {[%emt
00:01:45]} Ke7 {[%clk 00:15:25]} {[%emt 00:01:07]} 29. Nf1 {[%clk 00:43:04]}
{[%emt 00:02:06]} Kd6 {[%clk 00:13:07]} {[%emt 00:02:49]} 30. Ng3 {[%clk
00:42:15]} {[%emt 00:01:18]} Nd7 {[%clk 00:11:38]} {[%emt 00:01:59]} 31. Bc1
{[%clk 00:41:11]} {[%emt 00:01:34]} Nb4 {[%clk 00:10:52]} {[%emt 00:01:16]} 32.
Bxg5 {[%clk 00:35:00]} {[%emt 00:06:41]} fxg5 {[%clk 00:09:34]} {[%emt
00:01:47]} 33. Nxg5 {[%clk 00:35:19]} {[%emt 00:00:11]} Bg7 {[%clk 00:07:32]}
{[%emt 00:02:33]} 34. Nf3 {[%clk 00:34:31]} {[%emt 00:01:18]} Kc7 {[%clk
00:06:57]} {[%emt 00:01:04]} 35. g5 {[%clk 00:33:48]} {[%emt 00:01:14]} a5
{[%clk 00:06:45]} {[%emt 00:00:42]} 36. Qh4 {[%clk 00:33:29]} {[%emt 00:00:48]}
Qd8 {[%clk 00:06:32]} {[%emt 00:00:44]} 37. Nh5 {[%clk 00:33:24]} {[%emt
00:00:35]} Bf8 {[%clk 00:06:19]} {[%emt 00:00:42]} 38. f6 {[%clk 00:33:08]}
{[%emt 00:00:47]} Bf7 {[%clk 00:06:25]} {[%emt 00:00:24]} 39. Bh3 {[%clk
00:31:45]} {[%emt 00:01:53]} Rb8 {[%clk 00:05:59]} {[%emt 00:00:56]} 40. Bf5
{[%clk 00:31:30]} {[%emt 00:00:45]} Bxh5 {[%clk 00:05:23]} {[%emt 00:01:06]}
41. Qxh5 {[%clk 00:31:47]} {[%emt 00:00:13]} Nc6 {[%clk 00:29:34]} {[%emt
00:06:19]} 42. f7 {[%clk 01:01:42]} {[%emt 00:00:34]} a4 {[%clk 00:27:27]}
{[%emt 00:02:38]} 43. Qh7 {[%clk 01:00:43]} {[%emt 00:01:29]} axb3 {[%clk
00:25:46]} {[%emt 00:02:11]} 44. axb3 {[%clk 01:00:54]} {[%emt 00:00:18]} Ra8
{[%clk 00:26:01]} {[%emt 00:00:16]} 45. g6 {[%clk 01:00:58]} {[%emt 00:00:25]}
Qf6 {[%clk 00:25:38]} {[%emt 00:00:51]} 46. Qg8 {[%clk 00:59:48]} {[%emt
00:01:41]} Ra2 {[%emt 00:07:32]} 47. Rh7 {[%clk 00:57:56]} 1-0

[Event "ODJM C 2023"]
[Site "Willingen GER"]
[Date "2023.05.29"]
[Round "3"]
[White "Janssen, Julika"]
[Black "Classen, Marnin"]
[Result "0-1"]
[Termination "normal"]
[Board "2"]
[WhiteElo "1286"]
[BlackElo "1352"]
[WhiteClock "00:22:06"]
[BlackClock "01:24:04"]
[PlyCount "158"]
[WhiteFideId "16287339"]
[BlackFideId "34623833"]
[EventCountry "GER"]
[EventRounds "9"]
[EventType "swiss"]
[EventDate "2023.05.27"]

1. d4 {[%clk 01:30:57]} {[%emt 00:00:08]} d5 {[%clk 01:30:53]} {[%emt
00:00:08]} 2. Nf3 {[%clk 01:31:19]} {[%emt 00:00:08]} c6 {[%clk 01:31:15]}
{[%emt 00:00:08]} 3. Bf4 {[%clk 01:31:38]} {[%emt 00:00:11]} e6 {[%clk
01:31:34]} {[%emt 00:00:10]} 4. e3 {[%clk 01:31:58]} {[%emt 00:00:10]} f5
{[%clk 01:31:46]} {[%emt 00:00:18]} 5. Be2 {[%clk 01:31:59]} {[%emt 00:00:28]}
Nf6 {[%clk 01:32:03]} {[%emt 00:00:13]} 6. O-O {[%clk 01:32:02]} {[%emt
00:00:28]} Be7 {[%clk 01:32:25]} {[%emt 00:00:07]} 7. c4 {[%clk 01:31:29]}
{[%emt 00:01:03]} O-O {[%clk 01:32:32]} {[%emt 00:00:24]} 8. Nc3 {[%clk
01:31:04]} {[%emt 00:00:55]} Nbd7 {[%clk 01:32:48]} {[%emt 00:00:14]} 9. Ne5
{[%clk 01:30:33]} {[%emt 00:01:01]} Nxe5 {[%clk 01:31:44]} {[%emt 00:01:35]}
10. Bxe5 {[%clk 01:30:30]} {[%emt 00:00:33]} Nd7 {[%clk 01:30:42]} {[%emt
00:01:31]} 11. Bf4 {[%clk 01:29:01]} {[%emt 00:01:58]} g5 {[%clk 01:30:53]}
{[%emt 00:00:20]} 12. Be5 {[%clk 01:15:52]} {[%emt 00:13:39]} Nxe5 {[%clk
01:29:32]} {[%emt 00:01:51]} 13. dxe5 {[%clk 01:15:59]} {[%emt 00:00:23]} a6
{[%clk 01:25:24]} {[%emt 00:04:39]} 14. a4 {[%clk 01:14:20]} {[%emt 00:02:08]}
Qc7 {[%clk 01:19:49]} {[%emt 00:06:04]} 15. Bd3 {[%clk 00:53:58]} {[%emt
00:20:53]} Qxe5 {[%clk 01:17:52]} {[%emt 00:02:27]} 16. Re1 {[%clk 00:45:55]}
{[%emt 00:08:32]} Qf6 {[%clk 01:15:02]} {[%emt 00:03:20]} 17. Qd2 {[%clk
00:38:59]} {[%emt 00:07:27]} Rd8 {[%clk 01:07:35]} {[%emt 00:07:57]} 18. Qc1
{[%clk 00:37:53]} {[%emt 00:01:36]} Bd7 {[%clk 01:03:08]} {[%emt 00:04:56]} 19.
Qc2 {[%clk 00:29:15]} {[%emt 00:09:09]} Be8 {[%clk 01:03:14]} {[%emt 00:00:24]}
20. Be2 {[%clk 00:29:27]} {[%emt 00:00:17]} Bg6 {[%clk 01:03:06]} {[%emt
00:00:38]} 21. Rad1 {[%clk 00:24:59]} {[%emt 00:04:58]} Rac8 {[%clk 01:02:38]}
{[%emt 00:00:58]} 22. cxd5 {[%clk 00:24:30]} {[%emt 00:01:01]} cxd5 {[%clk
01:00:37]} {[%emt 00:02:30]} 23. Qb3 {[%clk 00:23:16]} {[%emt 00:01:42]} Rd7
{[%clk 00:58:43]} {[%emt 00:02:26]} 24. Bf3 {[%clk 00:14:52]} {[%emt 00:08:54]}
g4 {[%clk 00:57:56]} {[%emt 00:01:17]} 25. Be2 {[%clk 00:12:41]} {[%emt
00:02:40]} Rdc7 {[%clk 00:57:24]} {[%emt 00:01:02]} 26. Kf1 {[%clk 00:10:16]}
{[%emt 00:02:55]} Qh4 {[%clk 00:56:22]} {[%emt 00:01:32]} 27. Kg1 {[%clk
00:09:42]} {[%emt 00:01:04]} Bd6 {[%clk 00:55:37]} {[%emt 00:01:15]} 28. g3
{[%clk 00:09:31]} {[%emt 00:00:41]} Qe7 {[%clk 00:55:40]} {[%emt 00:00:27]} 29.
Bf1 {[%clk 00:09:08]} {[%emt 00:00:54]} Be5 {[%clk 00:53:50]} {[%emt 00:02:20]}
30. Rc1 {[%clk 00:08:10]} {[%emt 00:01:28]} Qg7 {[%clk 00:52:43]} {[%emt
00:01:36]} 31. Qb6 {[%emt 00:01:21]} Rc6 {[%clk 00:51:44]} {[%emt 00:01:27]}
32. Qa5 {[%clk 00:06:25]} {[%emt 00:01:26]} Bxc3 {[%clk 00:51:20]} {[%emt
00:00:54]} 33. bxc3 {[%clk 00:06:06]} {[%emt 00:00:50]} Rxc3 {[%clk 00:51:17]}
{[%emt 00:00:32]} 34. Rxc3 {[%clk 00:06:04]} {[%emt 00:00:33]} Qxc3 {[%clk
00:51:32]} {[%emt 00:00:15]} 35. Qxc3 {[%clk 00:06:19]} {[%emt 00:00:16]} Rc6
{[%emt 00:00:08]} 36. Qc4 Rxc4 {[%clk 00:51:53]} 37. Rc1 {[%emt 00:00:12]} Rc3
38. Rb1 {[%clk 00:06:36]} Rc7 {[%clk 00:51:55]} {[%emt 00:00:27]} 39. Rb6
{[%clk 00:06:54]} {[%emt 00:00:14]} Kf7 {[%clk 00:52:12]} {[%emt 00:00:13]} 40.
a5 {[%clk 00:06:07]} {[%emt 00:01:18]} Ke7 {[%clk 00:52:28]} {[%emt 00:00:13]}
41. Bd3 {[%clk 00:05:57]} {[%emt 00:00:40]} Be8 {[%clk 00:52:16]} {[%emt
00:00:41]} 42. Kg2 {[%clk 00:05:26]} {[%emt 00:01:02]} Bc6 {[%clk 00:52:26]}
{[%emt 00:00:19]} 43. Kf1 {[%clk 00:05:11]} {[%emt 00:00:46]} Bd7 {[%clk
00:52:32]} {[%emt 00:00:24]} 44. Kg2 {[%clk 00:03:29]} {[%emt 00:02:12]} Bc8
{[%clk 00:52:22]} {[%emt 00:00:40]} 45. h3 {[%clk 00:03:30]} {[%emt 00:00:29]}
h5 {[%clk 00:52:42]} {[%emt 00:00:10]} 46. Be2 {[%clk 00:29:59]} {[%emt
00:04:01]} Rc5 {[%clk 01:22:24]} {[%emt 00:00:47]} 47. Rb3 {[%clk 00:29:29]}
{[%emt 00:00:53]} Rxa5 {[%clk 01:21:52]} {[%emt 00:01:10]} 48. Rc3 {[%clk
00:29:38]} {[%emt 00:00:21]} Kd8 {[%clk 01:21:39]} {[%emt 00:00:43]} 49. f4
{[%clk 00:27:55]} {[%emt 00:02:12]} Bd7 {[%clk 01:20:30]} {[%emt 00:01:40]} 50.
Rb3 {[%clk 00:27:31]} {[%emt 00:00:54]} Bc6 {[%clk 01:20:22]} {[%emt 00:00:38]}
51. hxg4 {[%clk 00:27:29]} {[%emt 00:00:32]} hxg4 {[%clk 01:20:39]} {[%emt
00:00:13]} 52. Rb1 {[%clk 00:27:39]} {[%emt 00:00:19]} Ra2 {[%clk 01:19:36]}
{[%emt 00:01:34]} 53. Kf1 {[%clk 00:27:11]} {[%emt 00:00:57]} Kd7 {[%clk
01:19:29]} {[%emt 00:00:39]} 54. Ke1 {[%clk 00:27:16]} {[%emt 00:00:24]} Kd6
{[%clk 01:19:30]} {[%emt 00:00:29]} 55. Kf1 {[%clk 00:26:58]} {[%emt 00:00:47]}
Ra5 {[%clk 01:19:41]} {[%emt 00:00:21]} 56. Kf2 {[%clk 00:26:16]} {[%emt
00:01:11]} Bb5 {[%clk 01:19:58]} {[%emt 00:00:13]} 57. Rb2 {[%clk 00:26:13]}
{[%emt 00:00:34]} Bxe2 {[%clk 01:20:18]} {[%emt 00:00:10]} 58. Kxe2 {[%clk
00:26:33]} {[%emt 00:00:09]} Rb5 {[%clk 01:20:39]} {[%emt 00:00:10]} 59. Rc2
{[%clk 00:26:50]} {[%emt 00:00:13]} Rc5 {[%clk 01:20:27]} {[%emt 00:00:41]} 60.
Rb2 {[%clk 00:27:01]} {[%emt 00:00:18]} b5 {[%emt 00:00:31]} 61. Ra2 {[%clk
00:26:25]} {[%emt 00:00:45]} Rc6 {[%clk 01:21:04]} {[%emt 00:00:14]} 62. Kd3
{[%clk 00:26:42]} {[%emt 00:00:13]} b4 {[%clk 01:21:10]} {[%emt 00:00:25]} 63.
Rb2 {[%clk 00:26:40]} {[%emt 00:00:31]} a5 {[%clk 01:20:22]} {[%emt 00:01:18]}
64. Rb3 {[%clk 00:26:06]} {[%emt 00:01:04]} Rc4 {[%clk 01:20:30]} {[%emt
00:00:22]} 65. Rb2 {[%clk 00:25:42]} {[%emt 00:00:54]} Kc5 {[%clk 01:20:52]}
{[%emt 00:00:08]} 66. Ra2 {[%clk 00:25:31]} {[%emt 00:00:41]} Kb5 {[%clk
01:21:15]} {[%emt 00:00:07]} 67. Rh2 {[%clk 00:25:09]} {[%emt 00:00:52]} Ka4
{[%clk 01:21:06]} {[%emt 00:00:39]} 68. Ra2+ {[%clk 00:25:18]} {[%emt
00:00:21]} Kb5 {[%clk 01:20:43]} {[%emt 00:00:52]} 69. Rh2 {[%clk 00:25:23]}
{[%emt 00:00:26]} b3 {[%clk 01:21:05]} {[%emt 00:00:09]} 70. Rb2 {[%clk
00:25:16]} {[%emt 00:00:35]} a4 {[%clk 01:21:21]} {[%emt 00:00:15]} 71. Kd2
{[%clk 00:25:25]} {[%emt 00:00:21]} Kb4 {[%clk 01:21:39]} {[%emt 00:00:12]} 72.
Rb1 {[%clk 00:25:11]} {[%emt 00:00:44]} a3 {[%clk 01:22:02]} {[%emt 00:00:08]}
73. Rc1 {[%clk 00:23:39]} {[%emt 00:02:01]} a2 {[%clk 01:22:01]} {[%emt
00:00:30]} 74. Ra1 {[%clk 00:23:21]} {[%emt 00:00:48]} Ka3 {[%clk 01:22:25]}
{[%emt 00:00:07]} 75. Rxa2+ {[%clk 00:21:43]} {[%emt 00:02:07]} bxa2 {[%clk
01:22:45]} {[%emt 00:00:10]} 76. Kd3 {[%clk 00:22:00]} {[%emt 00:00:13]} a1=Q
{[%clk 01:23:04]} {[%emt 00:00:10]} 77. e4 {[%clk 00:21:56]} {[%emt 00:00:35]}
Qd1 {[%clk 01:23:25]} {[%emt 00:00:09]} 78. Ke3 {[%clk 00:22:06]} {[%emt
00:00:20]} Qe1 {[%clk 01:23:37]} {[%emt 00:00:18]} 79. Kd3 {[%clk 00:22:06]}
{[%emt 00:00:30]} fxe4 {[%clk 01:24:04]} {[%emt 00:00:03]} 0-1

[Event "ODJM C 2023"]
[Site "Willingen GER"]
[Date "2023.05.29"]
[Round "3"]
[White "Carstens, Finja"]
[Black "Franke, Leonhard"]
[Result "1-0"]
[Termination "normal"]
[Board "3"]
[WhiteElo "1478"]
[BlackElo "1348"]
[WhiteClock "00:03:13"]
[BlackClock "00:46:30"]
[PlyCount "65"]
[WhiteFideId "34617841"]
[BlackFideId "34644806"]
[EventCountry "GER"]
[EventRounds "9"]
[EventType "swiss"]
[EventDate "2023.05.27"]

1. d4 {[%clk 01:30:57]} {[%emt 00:00:04]} d5 {[%clk 01:30:55]} {[%emt
00:00:07]} 2. Nc3 {[%clk 01:31:22]} {[%emt 00:00:03]} Nf6 {[%clk 01:31:21]}
{[%emt 00:00:05]} 3. Bf4 {[%clk 01:31:45]} {[%emt 00:00:06]} c5 {[%clk
01:31:35]} {[%emt 00:00:16]} 4. e3 {[%clk 01:32:03]} {[%emt 00:00:12]} cxd4
{[%clk 01:31:55]} {[%emt 00:00:10]} 5. exd4 {[%clk 01:32:16]} {[%emt 00:00:17]}
a6 {[%clk 01:32:21]} {[%emt 00:00:04]} 6. Qd2 {[%clk 01:29:59]} {[%emt
00:02:46]} Nc6 {[%clk 01:30:39]} {[%emt 00:02:13]} 7. Nf3 {[%clk 01:29:14]}
{[%emt 00:01:15]} Ne4 {[%clk 01:30:25]} {[%emt 00:00:45]} 8. Nxe4 {[%clk
01:24:16]} {[%emt 00:05:27]} dxe4 {[%clk 01:30:40]} {[%emt 00:00:15]} 9. Ng5
{[%clk 01:20:32]} {[%emt 00:04:14]} Bf5 {[%clk 01:28:50]} {[%emt 00:02:21]} 10.
O-O-O {[%clk 01:07:00]} {[%emt 00:14:02]} Rc8 {[%clk 01:21:47]} {[%emt
00:07:32]} 11. Bc4 {[%clk 00:56:28]} {[%emt 00:11:02]} e6 {[%clk 01:16:28]}
{[%emt 00:05:49]} 12. Rhe1 {[%clk 00:54:01]} {[%emt 00:02:57]} Nb4 {[%clk
01:15:11]} {[%emt 00:01:47]} 13. Bb3 {[%clk 00:31:20]} {[%emt 00:23:10]} Nd3+
{[%clk 01:13:14]} {[%emt 00:02:28]} 14. Kb1 {[%clk 00:31:36]} {[%emt 00:00:14]}
Nxe1 {[%clk 01:13:09]} {[%emt 00:00:35]} 15. Rxe1 {[%clk 00:31:46]} {[%emt
00:00:20]} Bc5 {[%clk 01:12:39]} {[%emt 00:01:00]} 16. dxc5 {[%clk 00:30:16]}
{[%emt 00:02:00]} Qxd2 {[%clk 01:11:25]} {[%emt 00:01:44]} 17. Bxd2 {[%clk
00:30:40]} {[%emt 00:00:06]} Rxc5 {[%emt 00:04:15]} 18. Nxe4 {[%clk 00:29:07]}
{[%emt 00:02:01]} Re5 {[%clk 01:05:29]} {[%emt 00:02:43]} 19. Nd6+ {[%clk
00:29:14]} {[%emt 00:00:23]} Ke7 {[%clk 01:04:58]} {[%emt 00:01:01]} 20. Rxe5
{[%clk 00:29:16]} {[%emt 00:00:28]} Kxd6 {[%clk 01:05:21]} {[%emt 00:00:06]}
21. Bf4 {[%clk 00:27:12]} {[%emt 00:02:34]} Ke7 {[%clk 01:04:14]} {[%emt
00:01:37]} 22. h3 {[%clk 00:25:23]} {[%emt 00:02:19]} f6 {[%clk 01:02:14]}
{[%emt 00:02:31]} 23. Rc5 {[%clk 00:22:55]} {[%emt 00:02:57]} e5 {[%clk
01:02:11]} {[%emt 00:00:35]} 24. Be3 {[%clk 00:19:39]} {[%emt 00:03:45]} Kd6
{[%clk 01:00:11]} {[%emt 00:02:30]} 25. g4 {[%clk 00:14:32]} {[%emt 00:05:36]}
Be4 {[%clk 00:59:27]} {[%emt 00:01:14]} 26. Rc4 {[%clk 00:14:06]} {[%emt
00:00:54]} Bd5 {[%clk 00:50:42]} {[%emt 00:09:19]} 27. Rc3 {[%clk 00:11:33]}
{[%emt 00:03:02]} Bc6 {[%clk 00:49:09]} {[%emt 00:02:04]} 28. Bb6 {[%clk
00:09:10]} {[%emt 00:02:52]} e4 {[%clk 00:48:29]} {[%emt 00:01:10]} 29. Re3
{[%clk 00:07:26]} {[%emt 00:02:14]} h5 {[%clk 00:47:37]} {[%emt 00:01:22]} 30.
a3 {[%clk 00:03:55]} {[%emt 00:04:01]} h4 {[%clk 00:46:27]} {[%emt 00:01:40]}
31. Re2 {[%clk 00:03:14]} {[%emt 00:01:10]} Re8 {[%clk 00:46:17]} {[%emt
00:00:40]} 32. Rd2+ {[%clk 00:03:13]} {[%emt 00:00:31]} Ke7 {[%clk 00:46:30]}
{[%emt 00:00:18]} 33. Bc5# {[%emt 00:01:19]} 1-0

[Event "ODJM C 2023"]
[Site "Willingen GER"]
[Date "2023.05.29"]
[Round "3"]
[White "Türel, Tugce"]
[Black "Hierl, Andreas"]
[Result "1/2-1/2"]
[Termination "normal"]
[Board "4"]
[WhiteElo "1249"]
[BlackElo "1236"]
[WhiteClock "00:05:56"]
[BlackClock "00:47:27"]
[PlyCount "42"]
[WhiteFideId "26350602"]
[BlackFideId "34660496"]
[EventCountry "GER"]
[EventRounds "9"]
[EventType "swiss"]
[EventDate "2023.05.27"]

1. e4 {[%clk 01:30:57]} c6 {[%clk 01:30:52]} {[%emt 00:00:08]} 2. d4 {[%clk
01:30:59]} {[%emt 00:00:27]} d5 {[%clk 01:31:16]} {[%emt 00:00:07]} 3. exd5
{[%clk 01:31:17]} {[%emt 00:00:12]} cxd5 {[%clk 01:31:44]} {[%emt 00:00:02]} 4.
Bd3 {[%clk 01:31:27]} {[%emt 00:00:20]} Nc6 {[%clk 01:32:01]} {[%emt 00:00:12]}
5. c3 {[%clk 01:31:43]} {[%emt 00:00:15]} Nf6 {[%clk 01:32:00]} {[%emt
00:00:30]} 6. h3 {[%clk 01:30:16]} {[%emt 00:01:56]} g6 {[%clk 01:30:56]}
{[%emt 00:01:34]} 7. Bg5 {[%clk 01:27:18]} {[%emt 00:03:28]} Bg7 {[%clk
01:30:14]} {[%emt 00:01:13]} 8. Nf3 {[%clk 01:26:54]} {[%emt 00:00:53]} O-O
{[%clk 01:29:15]} {[%emt 00:01:30]} 9. O-O {[%clk 01:25:59]} {[%emt 00:01:24]}
Be6 {[%clk 01:27:14]} {[%emt 00:02:33]} 10. Nbd2 {[%clk 01:21:15]} {[%emt
00:05:13]} Qd7 {[%clk 01:20:57]} {[%emt 00:06:47]} 11. Ne5 {[%clk 01:06:58]}
{[%emt 00:14:47]} Nxe5 {[%clk 01:20:01]} {[%emt 00:01:26]} 12. dxe5 {[%clk
01:07:16]} {[%emt 00:00:11]} Ne8 {[%clk 01:20:17]} {[%emt 00:00:15]} 13. Qe2
{[%clk 00:45:12]} {[%emt 00:22:34]} Nc7 {[%clk 01:12:53]} {[%emt 00:07:54]} 14.
f4 {[%clk 00:42:12]} {[%emt 00:03:29]} f6 {[%clk 01:09:33]} {[%emt 00:03:51]}
15. Bh4 {[%clk 00:41:39]} {[%emt 00:01:03]} Rad8 {[%clk 01:02:05]} {[%emt
00:07:58]} 16. Nb3 {[%clk 00:39:24]} {[%emt 00:02:44]} fxe5 {[%clk 00:56:58]}
{[%emt 00:05:37]} 17. fxe5 {[%clk 00:39:14]} {[%emt 00:00:41]} Bxh3 {[%clk
00:55:09]} {[%emt 00:02:18]} 18. gxh3 {[%clk 00:37:32]} {[%emt 00:02:12]} Qxh3
{[%clk 00:51:05]} {[%emt 00:04:34]} 19. Bxe7 {[%clk 00:31:02]} {[%emt
00:07:00]} Bh6 {[%clk 00:50:23]} {[%emt 00:01:12]} 20. Rxf8+ {[%clk 00:29:17]}
{[%emt 00:02:15]} Rxf8 {[%clk 00:50:44]} {[%emt 00:00:09]} 21. Qh2 {[%clk
00:05:56]} {[%emt 00:23:50]} Be3+ {[%clk 00:47:27]} {[%emt 00:03:48]} 1/2-1/2